| 000 | 00387cam a2200145ua 4500 | ||
|---|---|---|---|
| 041 |
_aeng _h |
||
| 100 | _aBriji, Bhushan . | ||
| 245 |
_aFruitcultivation in India / _charish Chandra Sharma. _hTextual Documents |
||
| 260 |
_aDelhi : _bDirectrate of Exetension , _c1993. |
||
| 300 | _a ; . | ||
| 504 | _a | ||
| 700 | 1 | _aharish, Chandra sharma . | |
| 942 | _cBK | ||
| 999 |
_c12932 _d12932 |
||